000 00307nam a22001337a 4500
008 180201b xxu||||| |||| 00| 0 eng d
020 _a1928896146
041 _aeng
080 _a37
100 _a45
101 _aedu
245 _aprepaRING EARLY CHILDHOOD PROFESIONALS
_cMARILOU.H
942 _2udc
_cBK
999 _c41457
_d41457